| 000 | 01043cam a22003132a 4500 | ||
|---|---|---|---|
| 999 |
_c9618 _d9618 |
||
| 001 | 9618 | ||
| 003 | BD - JhCC | ||
| 005 | 20180320184724.0 | ||
| 008 | 180320s1971 enkabc j e 001 0 eng d | ||
| 020 | _a071361126X | ||
| 020 | _a0713611111 | ||
| 035 |
_aOCLC ocm16211276 from D950203M _a(BD - JhCC)9618 |
||
| 040 |
_aUKM _cUKM _dEQO _dBD - JhCC |
||
| 041 | _aeng | ||
| 050 | 0 | _aAG5 | |
| 082 |
_a032 _218 _bBLA 1971 |
||
| 245 | 0 | 0 |
_aBlack's children's encyclopaedia / _cedited by William Worthy and R.J. Unstead ; [illustrated by Valerie Falla and others] |
| 250 | _a3rd ed | ||
| 260 |
_aLondon : _bA. and C. Black, _c1971. |
||
| 300 |
_a13 v. ( [800] p.) : _bill. (some col.), maps (some col.), ports. (some col.) ; _c26 cm |
||
| 500 | _aAlso available as set of 2 vols with separate index. £5.95. sbn 7136-1111-1 | ||
| 500 | _aPrevious ed. 1967 | ||
| 650 | 0 | _aChildren's encyclopedias and dictionaries | |
| 700 | 1 | _aWorthy, William. | |
| 700 | 1 | _aUnstead, R. J. | |
| 700 | 1 | _aFalla, Val. | |
| 942 |
_2ddc _cREF |
||